000
00337nam a22001457a 4500
008
221013b ||||| |||| 00| 0 eng d
020
_a
9780135335710
041
_a
eng
080
_2
THIRD EDITION
_a
004
082
_a
004
100
_a
19.2
101
_a
SHK
245
_a
ELEMNTARY PRINCIPLES OF BEHAVIOR
_c
MALOTT R
942
_2
udc
_c
BK
999
_c
58543
_d
58543